Fonología española

Uloženo v:
Podrobná bibliografie
Hlavní autor: Alarcos Llorach, Emilio (Autor)
Médium: Kniha
Jazyk:španělština
Vydáno: Madrid Gredos 1950
Edice:Biblioteca Románica Hispánica. Manuales, 1
Témata:
Tagy: Přidat tag
Žádné tagy, Buďte první, kdo vytvoří štítek k tomuto záznamu!

MARC

LEADER 00000nam a2200000 a 4500
001 UCQ3220
003 CL-VaPUC
008 980817e19500000SP |||||||||||||||||spa|d
082 0 4 |a 461.5  |b ALA  |2 21 
100 0 |a Alarcos Llorach, Emilio  |e author  |9 417252 
245 1 0 |a Fonología española 
300 |a 160 p 
942 |c BK 
945 |d 19980817 00:00:00  |a crobeson 
260 |a Madrid  |b Gredos  |c 1950 
650 0 |a Fonología   |9 341074 
650 0 |a Fonética  |9 308371 
650 0 |a Español  |9 255372 
650 7 |a PRONUNCIACION  |2 CL-VaPUC  |9 371723 
650 7 |a LINGUISTICA DESCRIPTIVA  |2 CL-VaPUC  |9 417253 
583 |a last modification  |c 19980817 00:00:00  |k Rodrigo Vera 
490 0 |a Biblioteca Románica Hispánica. Manuales, 1 
999 |c 273818  |d 273816 
952 |0 0  |1 0  |4 0  |6 461_500000000000000_ALA_1950  |7 0  |8 A  |9 309702  |a BIBEDU  |b BIBEDU  |d 2019-11-20  |i 1452797  |o 461.5 ALA 1950  |p 1452797  |r 2019-11-20  |w 2019-11-20  |y BK  |k LIT